Juta's Statutes of South Africa / (Record no. 1129)

MARC details
000 -LEADER
fixed length control field 00497nam a22001577a 4500
005 - DATE AND TIME OF INPUT
control field 20240205073551.0
008 - DATA ELEMENTS--GENERAL INFORMATION
fixed length control field 231205b |||||||| |||| 00| 0 eng d
020 ## - INTERNATIONAL STANDARD BOOK NUMBER
International Standard Book Number 9781485150770
041 ## - LANGUAGE CODE
Language code of text English
100 ## - MAIN AUTHOR
Language of a work English
245 ## - TITLE STATEMENT
Title Juta's Statutes of South Africa /
Statement of responsibility, etc. edited by JUTA'S STATUTES EDITORS
260 ## - PUBLICATION, DISTRIBUTION, ETC.
Place of publication, distribution, etc. Cape Town :
Name of publisher, distributor, etc. Juta and Company (Pty) Ltd,
Date of publication, distribution, etc. 2022/23
300 ## - PHYSICAL DESCRIPTION
Other physical details 268 pages ;
Dimensions 26 cm.
650 ## - SUBJECT`
Broad subject Legal practice
Own subject terms Law
942 ## - ADDED ENTRY ELEMENTS (KOHA)
Item type Books
942 ## - ADDED ENTRY ELEMENTS (KOHA)
-- ALISON_BN_VRIES
Holdings
Source of classification or shelving scheme Volume number (bound volume or other part) Not for loan Collection code Home library Current library Shelving location Date acquired Full call number Barcode Price effective from Koha item type
Dewey Decimal Classification Index   TEXT BOOKS LAW SOCIETY OF NAMIBIA LIBRARY - WINDHOEK LAW SOCIETY OF NAMIBIA LIBRARY - WINDHOEK Juta’s statutes of South Africa 12/05/2023 348 JUT LSN/2023/208 12/05/2023 Books
Dewey Decimal Classification Volume 1   TEXT BOOKS LAW SOCIETY OF NAMIBIA LIBRARY - WINDHOEK LAW SOCIETY OF NAMIBIA LIBRARY - WINDHOEK Juta’s statutes of South Africa 12/05/2023 348 JUT LSN/2023/201 12/05/2023 Books
Dewey Decimal Classification Volume 2   TEXT BOOKS LAW SOCIETY OF NAMIBIA LIBRARY - WINDHOEK LAW SOCIETY OF NAMIBIA LIBRARY - WINDHOEK Juta’s statutes of South Africa 12/05/2023 348 JUT LSN/2023/202 12/05/2023 Books
Dewey Decimal Classification Volume 3   TEXT BOOKS LAW SOCIETY OF NAMIBIA LIBRARY - WINDHOEK LAW SOCIETY OF NAMIBIA LIBRARY - WINDHOEK Juta’s statutes of South Africa 12/05/2023 348 JUT LSN/2023/203 12/05/2023 Books
Dewey Decimal Classification Volume 4   TEXT BOOKS LAW SOCIETY OF NAMIBIA LIBRARY - WINDHOEK LAW SOCIETY OF NAMIBIA LIBRARY - WINDHOEK Juta’s statutes of South Africa 12/05/2023 348 JUT LSN/2023/204 12/05/2023 Books
Dewey Decimal Classification Volume 5   TEXT BOOKS LAW SOCIETY OF NAMIBIA LIBRARY - WINDHOEK LAW SOCIETY OF NAMIBIA LIBRARY - WINDHOEK Juta’s statutes of South Africa 12/05/2023 348 JUT LSN/2023/205 12/05/2023 Books
Dewey Decimal Classification Volume 6   TEXT BOOKS LAW SOCIETY OF NAMIBIA LIBRARY - WINDHOEK LAW SOCIETY OF NAMIBIA LIBRARY - WINDHOEK Juta’s statutes of South Africa 12/05/2023 348 JUT LSN/2023/206 12/05/2023 Books
Dewey Decimal Classification Volume 7   TEXT BOOKS LAW SOCIETY OF NAMIBIA LIBRARY - WINDHOEK LAW SOCIETY OF NAMIBIA LIBRARY - WINDHOEK Juta’s statutes of South Africa 12/05/2023 348 JUT LSN/2023/207 12/05/2023 Books